000 00556cam a22001932 4500
001 0000019596
005 20151217161148.0
008 110111s xx 000 0 eng d
020 _a0141030234
040 _aKABU
_cKABU
245 1 4 _aThe Penguin dictionary of mathematics /
_cedited by David Nelson.
250 _a4th ed.
260 _aLondon :
_bPenguin,
_c2008.
300 _a480 p.
650 0 _aMathematics
_vDictionaries.
_@0000154019
852 1 _9p1120 KES
908 _a110111
950 _@1
999 _c15194
_d15194